000 00702cam a22002533a 4500
001 17241
003 PGUSA
005 20140828083352.0
008 051206s2005||||xxu|||||s|||||000 1 eng d
040 _aPGUSA
_beng
042 _adc
050 4 _aPT
100 1 _aHauptmann, Gerhart,
_d1862-1946
245 1 0 _aAtlantis
_h[electronic resource] /
_cGerhart Hauptmann
260 _bProject Gutenberg,
_c2005
506 _aPublic domain in the USA.
516 _aElectronic text
653 _aFiction
700 1 _aSeltzer, Adele Szold,
_d1876-1940
700 1 _aSeltzer, Thomas,
_d1873-1943
830 0 _aProject Gutenberg
_v17241
856 4 0 _uhttp://www.gutenberg.org/ebooks/17241
942 _cEB
999 _c246496
_d246496